Catweazle Trivia Quiz Stats

 Plays Quiz not verified by Sporcle

Challenge
Share
Tweet
Embed
Score 0/12 Timer 05:00
0 Plays Today
Question Answer % Correct
Name the Actor who played CatweazleGeoffrey Bayldon
90.9%
What Catweazle called TelephonesTelling Bones
90.9%
Name of Catweazle's familiar, a toadTouchwood
81.8%
What Catweazle called ElectricityElec-trickery
81.8%
Catweazle was from what century?11th Century
81.8%
Who was Catweazle escaping from?The Normans
81.8%
Catweazle's young friend in Series 1Edward 'Carrot' Bennet
72.7%
Catweazle's young friend in Series 2Cedric 'Owlface' Collingford
72.7%
Who created and wrote the series?Richard Carpenter
72.7%
The name of the farm from Series 1Hexwood Farm
72.7%
What Catweazle named his water towerCastle Saburac
72.7%
The title of the very first episodeThe Sun in a Bottle
72.7%

You're not logged in!

Compare scores with friends on all Sporcle quizzes.
OR
Log In

You Might Also Like...

Show Comments

Extras

Created Feb 23, 2012SourceReportNominate

Top Quizzes Today


Score Distribution

Your Account Isn't Verified!

In order to create a playlist on Sporcle, you need to verify the email address you used during registration. Go to your Sporcle Settings to finish the process.

Report this User

Report this user for behavior that violates our Community Guidelines.

Details: